Rappeurs américains par album - Click - Statistiques

Statistiques générales
  • Ce quiz a été pris 40 fois
  • Le résultat moyen est 13 sur 20
Statistiques - réponses
Hint Réponse % Correct
Doggystyle Snoop Dogg
91%
IGOR Tyler, The Creator
88%
All Eyez on Me Tupac
85%
The Marshall Mathers LP Eminem
79%
Get Rich or Die Tryin’ 50 cent
76%
Eazy-Duz-It Eazy-E
76%
My Beautiful Dark Twisted Fantasy Kanye West
73%
good kid, m.A.A.d city Kendrick Lamar
73%
2001 Dr. Dre
70%
Take Care Drake
67%
2014 Forest Hills Drive J. Cole
64%
Rodeo Travis Scott
64%
Tha Carter III Lil Wayne
61%
Illmatic Nas
61%
Ready to Die The Notorious B.I.G.
58%
The Blueprint Jay-Z
55%
Monster Future
42%
The Master Rakim
33%
Resurrection Common
30%
The Predator Ice Cube
15%
Aucun quiz correspondant
Distribution des résultats
% des personnes avec chaque résultat
Percentile par nombre de réponses
Votre historique - résultats
Vous n’avez pas pris ce quiz